Occurence and distribution of Rhabditis axei (Rhabditida: Rhabditidae) in African giant snails in southwestern Nigeria

Podrobná bibliografia
Hlavní autori: Odaibo, A.B (Autor), Dehinbo, A.J (Autor), Olofintoye, L.K (Autor), Falode, O.A (Autor)
Médium: Článok
Jazyk:slovenčina
angličtina
Fyzický popis:Tab.
ISSN:0440-6605
Predmet:

MARC

LEADER 00000nab a2200000 a 4500
001 vtls000746652
003 SK-MaSNL
005 20260304130149.0
008 250429c2000 xo 0 slo
015 |a SNBRB2001/03-07354 
035 |a CLN000098483 
035 |a urn:nbn:sk:snk-ab33yh 
035 |a (urnnbn)urn:nbn:sk:snk:ar-a05te3 
035 |a (uuid)f19a1856-753c-4c6e-8bfb-ba9a11ee1b4d 
040 |a SNKBUCL  |b slo  |c SNKBUCL  |e AACR2 
041 0 |a eng 
044 |a xo  |c SK 
080 |a 595.132(669):594.3:591.9  |2 1997 
080 |a 594.3(669)  |2 1997 
080 |a 591.9(669)  |2 1997 
245 0 0 |a Occurence and distribution of Rhabditis axei (Rhabditida: Rhabditidae) in African giant snails in southwestern Nigeria  |c A.B. Odaibo ... [et al.] 
300 |b Tab. 
504 |a Res. angl. 
504 |a Bibliogr. odkazy 
650 0 7 |a Rhabditis axei  |x slimáky  |z Nigéria  |2 snkbucl  |9 1440461 
650 0 7 |a slimáky  |2 snkbucl  |9 19998 
650 0 7 |a ekológia  |2 snkbucl  |9 785 
650 0 7 |a incidencia  |2 snkbucl  |9 840847 
650 0 7 |a Nematoda, infekcie  |x klasifikácia  |x mikrobiológia  |x patológia  |2 snkbucl  |9 1440462 
650 0 7 |a slimáky  |x mikrobiológia  |x patogenita  |x klasifikácia  |2 snkbucl  |9 1440463 
650 0 7 |a Rhabditis axei  |2 snkbucl  |9 1440464 
651 7 |a Nigéria  |2 SNKPHgeo  |9 20375 
655 7 |a články z novín a časopisov  |2 snkbucl  |9 267496 
700 1 |a Odaibo, A.B.  |4 aut  |9 1220135 
700 1 |a Dehinbo, A.J.  |4 aut  |9 1440465 
700 1 |a Olofintoye, L.K.  |4 aut  |9 1440466 
700 1 |a Falode, O.A.  |4 aut  |9 1440467 
773 0 |t Helminthologia  |g Roč. 37, č. 4 (2000), s. 233-235  |x 0440-6605 
850 |a Slovenská národná knižnica 
852 |a Slovenská národná knižnica 
958 |a article27 
958 |a MI 
958 |a NB 
958 |a NG 
958 |a OND 
958 |a EUIPO 
992 |a RBX 
999 |c 2895180  |d 2897110